[Event "Cappelle op 10th"]
[Site "Cappelle la Grande"]
[Date "1994.??.??"]
[Round "5"]
[White "Lupu, Mircea Sergiu"]
[Black "Dubois, Jean Marie"]
[Result "1/2-1/2"]
[WhiteElo "2430"]
[BlackElo "2290"]
[PlyCount "125"]
[EventDate "1994.02.??"]
[EventType "swiss"]
[EventRounds "9"]
[EventCountry "FRA"]
[SourceTitle "EXT 1999"]
[Source "ChessBase"]
[SourceDate "1998.11.16"]
[SourceVersion "1"]
[SourceVersionDate "1998.11.16"]
[SourceQuality "1"]

1. e4 Nf6 2. d3 d6 3. Nf3 e5 4. Be2 g6 5. 0-0 Bg7 6. Re1 0-0 7. c3 Nc6 8. Nbd2 Ne8 9. b4 f5 10. b5 Nb8 11. a4 h6 12. Ba3 Kh7 13. d4 exd4 14. cxd4 fxe4 15. Nxe4 Nf6 16. Nxf6+ Qxf6 17. Rc1 c6 18. Bd3 a6 19. Qb3 axb5 20. axb5 Bd7 21. b6 Bg4 22. Re3 Nd7 23. Rd1 Rfe8 24. Rxe8 Rxe8 25. Bb1 Qe6 26. d5 cxd5 27. h3 Bxf3 28. Qxf3 Nxb6 29. h4 Rf8 30. Qd3 h5 31. Bc1 d4 32. Qb5 d5 33. Bg5 Nc4 34. Qxb7 Nd6 35. Qa6 Re8 36. Qd3 Ne4 37. Re1 Qf5 38. f3 Nc5 39. Qxf5 Rxe1+ 40. Kf2 gxf5 41. Bxf5+ Kg8 42. Kxe1 d3 43. Kd2 Bd4 44. Bg6 Ne6 45. Bh6 Bf2 46. Bxh5 Bxh4 47. Bg4 Kh7 48. Be3 d4 49. Bf5+ Kg7 50. Bg1 Bg5+ 51. Kd1 Nf4 52. Bxd4+ Bf6 53. Bxf6+ Kxf6 54. g4 Kg5 55. Kd2 Nh3 56. Bxd3 Nf4 57. Ke3 Nh3 58. Bc4 Nf4 59. Ke4 Nh3 60. Ke5 Nf4 61. Bf1 Ng6+ 62. Kd4 Nf4 63. Ke4 1/2-1/2

[Event "Dijon tt"]
[Site "Dijon"]
[Date "1994.??.??"]
[Round "2"]
[White "Roos, Daniel"]
[Black "Dubois, Jean Marie"]
[Result "1/2-1/2"]
[WhiteElo "2425"]
[BlackElo "2305"]
[PlyCount "56"]
[EventDate "1994.??.??"]
[EventType "team"]
[EventRounds "9"]
[EventCountry "FRA"]
[SourceTitle "EXT 2004"]
[Source "ChessBase"]
[SourceDate "2003.11.25"]
[SourceVersion "1"]
[SourceVersionDate "2003.11.25"]
[SourceQuality "1"]

1. d4 Nf6 2. Nf3 e6 3. Bg5 h6 4. Bh4 c5 5. c3 cxd4 6. Nxd4 Nc6 7. e3 Nxd4 8. exd4 b6 9. Bd3 Bb7 10. 0-0 Be7 11. Nd2 0-0 12. Bg3 Nh7 13. a4 f5 14. f3 Nf6 15. a5 Nd5 16. Qe2 Bh4 17. Bd6 Be7 18. Bg3 Bh4 19. axb6 Bxg3 20. hxg3 Qg5 21. Rxa7 Rxa7 22. bxa7 Qxg3 23. Qf2 Qg5 24. Ra1 Nf4 25. Qf1 Qg3 26. Nc4 Nh3+ 27. Kh1 Nf2+ 28. Kg1 Nh3+ 1/2-1/2